PBS Kids Arthur Theme Song - Statistics

General Stats
  • This quiz has been taken 61 times
  • The average score is 104 of 134
Answer Stats
Answer % Correct
a
100%
day
95%
hey
95%
the
95%
down
93%
of
93%
street
93%
when
93%
wonderful
93%
an
91%
and
91%
Every
91%
i
91%
walking
91%
what
91%
you
91%
kind
89%
say
89%
meet
86%
that
86%
to
86%
your
86%
everybody
84%
youre
84%
play
82%
heart
77%
along
73%
each
73%
get
73%
has
73%
other
73%
point
73%
view
73%
with
73%
it
70%
listen
70%
work
70%
beat
68%
rhythm
66%
simple
64%
comes
61%
from
61%
in
61%
learn
61%
together
61%
we
61%
its
59%
message
57%
believe
55%
can
55%
eyes
55%
working
55%
by
52%
make
52%
open
52%
start
52%
things
52%
up
52%
yourself
52%
better
50%
gotta
50%
thats
50%
ears
48%
place
48%
if
25%
for
23%
orginal
5%
No matching quizzes found
Score Distribution
Percent of People with Each Score
Percentile by Number Answered
Your Score History
You have not taken this quiz